Remote sensing of the environment : (Record no. 176863)

000 -LEADER
fixed length control field 01016 a2200181 4500
003 - CONTROL NUMBER IDENTIFIER
control field Nust
005 - DATE AND TIME OF LATEST TRANSACTION
control field 20221117112024.0
020 ## - INTERNATIONAL STANDARD BOOK NUMBER
International Standard Book Number 8178088231
040 ## - CATALOGING SOURCE
Transcribing agency Nust
082 ## - DEWEY DECIMAL CLASSIFICATION NUMBER
Classification number 621.3678,JEN
100 ## - MAIN ENTRY--PERSONAL NAME
Personal name Jensen, John R.
9 (RLIN) 29676
245 ## - TITLE STATEMENT
Title Remote sensing of the environment :
Remainder of title an earth resource perspective /
Statement of responsibility, etc. John R. Jensen
260 ## - PUBLICATION, DISTRIBUTION, ETC.
Place of publication, distribution, etc. India
Name of publisher, distributor, etc. Pearson
Date of publication, distribution, etc. 2003
300 ## - PHYSICAL DESCRIPTION
Extent 544 p.
505 ## - FORMATTED CONTENTS NOTE
Formatted contents note Remote Sensing of the Environment (Page-1), Electromagnetic Radiation Principles (Page-29), History of Aerial Photography and Aerial Platforms (Page-53), Aerial Photograph (Page-85), Elements of Visual Image Interpretation (Page-119), Photogrammetry (Page-137), Multispectral Remote Sensing Systems (Page-181), Active and Passive Microwave and LIDAR Remote Sensing (Page-285), Remote Sensing of Vegetation (Page-333), Remote Sensing of Water (Page-379), Remote Sensing the Urban Landscape (Page-407), Remote Sensing of Soils, Minerals And Geomorphology (Page-471).
650 ## - SUBJECT ADDED ENTRY--TOPICAL TERM
Topical term or geographic name entry element Remote sensing
942 ## - ADDED ENTRY ELEMENTS (KOHA)
Source of classification or shelving scheme
Koha item type Book
Holdings
Withdrawn status Lost status Source of classification or shelving scheme Damaged status Not for loan Permanent Location Current Location Shelving location Date acquired Full call number Barcode Date last seen Price effective from Koha item type Public note
          Military College of Signals (MCS) Military College of Signals (MCS) General Stacks 12/12/2016 621.3678,JEN MCS30335 12/08/2016 12/12/2016 Book Almirah No.30, Shelf No.4
© 2023 Central Library, National University of Sciences and Technology. All Rights Reserved.